000 00606nam a22002297a 4500
003 Ost
005 20200731130121.0
008 200731b ||||| |||| 00| 0 eng d
020 _a9788121917575
040 _cBT-PhCST
050 _a23388-23395
082 _222
_a622.15
_bKEA
100 _aKearey, Philip.
245 _aAn introduction to geophysical exploration /
250 _a3rd ed.
260 _aDelhi :
_bWiley Blackwell,
_cReprint 2016.
300 _aviii, 262 p. :
_bill. ;
_c24 cm.
500 _aIncludes index.
700 _aBrooks, Micheal.
700 _aHill, Ian.
942 _2ddc
_cCIVIL
999 _c7878
_d7878